| 000 | 00637nam a2200217 i 4500 | ||
|---|---|---|---|
| 001 | 18039 | ||
| 003 | ES-MaACL | ||
| 005 | 20230906151738.0 | ||
| 007 | t| | ||
| 008 | 010730s2000 sp ||||1| spa d | ||
| 020 | _a84-7681-330-9 | ||
| 080 | _a821.134.2-14"19" | ||
| 100 | 1 |
_aSánchez-Ostiz, Miguel. _9102823 |
|
| 245 | 1 | 3 |
_aLa marca del cuadrante _b: (poesía 1979-1999) / _cMiguel Sánchez-Ostiz. |
| 260 |
_aPamplona : _bPamiela, _c[2000] |
||
| 300 |
_a550 p. ; _c19 cm. |
||
| 490 | 1 |
_aLa sirena poesía ; _v47 |
|
| 830 | 0 |
_aLa sirena poesía ; _v47 _9192335 |
|
| 852 |
_aES-MaACL _jL-24753 _bR.130133 |
||
| 999 |
_c18039 _d18039 |
||